| 000 | 01851nam1a2200337 i 4500 | ||
|---|---|---|---|
| 001 | RU\NLR\bibl\231848 | ||
| 005 | 20260407071542.0 | ||
| 035 | _a(NLR Aleph) 000227799 | ||
| 090 |
_a1325299 _c1325299 |
||
| 100 | _a20020222g20019999k y0rusy50 ca | ||
| 101 | 0 | _arus | |
| 102 | _aRU | ||
| 105 | _aa ||||||||| | ||
| 200 | 1 |
_aХимия и биологическая активность синтетических и природных соединений. Азотистые гетероциклы и алкалоиды _e[Материалы Первой Междунар. конф. "Химия и биолог. активность азотистых гетероциклов и алкалоидов", М., 9-12 окт. 2001г.] _fПод ред. д.х.н. В.Г. Карцева и акад. Г.А. Толстикова |
|
| 210 |
_aМ. _cИридиум-Пресс _d2001 |
||
| 215 | _d24 | ||
| 463 | 0 | _1001227561 | |
| 463 | 0 | _1001224689 | |
| 517 | 0 | _aАзотистые гетероциклы и алкалоиды | |
| 606 | 0 |
_aГетероциклические соединения азотсодержащие _jСъезды, совещания и т.п. _91134556 _3RU\NLR\auth\66131916 |
|
| 606 |
_aАлкалоиды _jСъезды, совещания и т.п. _9908226 _3RU\NLR\auth\6611532 |
||
| 686 | _aГ26я431(0) | ||
| 686 | _aГ29я431(0) | ||
| 702 | 1 |
_aКарцев _bВ. Г. _gВалерий Григорьевич _4340 |
|
| 711 | 1 | 2 |
_a"Химия и биологическая активность азотистых гетероциклов и алкалоидов", международная конференция _d1 _f2001 _eМосква _3RU\NLR\AUTH\8810035133 _9568476 |
| 801 | 0 |
_aRU _bNLR _c20020222 _gPSBO |
|
| 801 | 1 |
_aRU _bNLR _c20020222 |
|
| 852 |
_aNLR _j2002-7/375 |
||
| 942 | _cBOOK | ||